Does big business rule America? (Record no. 75540)
[ view plain ]
| 000 -LEADER | |
|---|---|
| fixed length control field | 00884nam a2200193 a 4500 |
| 008 - FIXED-LENGTH DATA ELEMENTS--GENERAL INFORMATION | |
| fixed length control field | 120416s1982 ||||||||||||||||| || u |
| 020 ## - INTERNATIONAL STANDARD BOOK NUMBER | |
| International Standard Book Number | 0896330481 |
| 050 ## - LIBRARY OF CONGRESS CALL NUMBER | |
| Classification number | HD 82.L4753 Doe |
| 100 ## - MAIN ENTRY--PERSONAL NAME | |
| Personal name | Hessen, Robert |
| 245 10 - TITLE STATEMENT | |
| Title | Does big business rule America? |
| Statement of responsibility, etc. | edited by Robert Hessen |
| 246 ## - | |
| -- | critical commentaries on Charles E. Lindblom's ''Politics and markets'' |
| 260 ## - PUBLICATION, DISTRIBUTION, ETC. | |
| Place of publication, distribution, etc. | Washington, D.C. |
| Name of publisher, distributor, etc. | Ethics and Public Policy Centre |
| Date of publication, distribution, etc. | 1982 |
| 300 ## - PHYSICAL DESCRIPTION | |
| Extent | (4),74p. |
| 350 ## - | |
| -- | 0.00 |
| 650 #0 - SUBJECT ADDED ENTRY--TOPICAL TERM | |
| Topical term or geographic name entry element | ECONOMICS |
| 650 ## - SUBJECT ADDED ENTRY--TOPICAL TERM | |
| Topical term or geographic name entry element | POLITICAL ECONOMICS--UNITED STATES |
| 995 ## - | |
| -- | ANNEX COLLECTION (Main Library) |
| -- | 0.00 |
| -- | 715617 |
| -- | CBU-MAIN LIBRARY (Kitwe) |
| -- | 1 |
| -- | 3.00 |
| -- | HD 82.L4753 Doe |
| -- | 1 |
| -- | AVAILABLE |
| -- | 004703 |
| -- | Annex Low-Usage Collection |
| 995 ## - | |
| -- | ANNEX COLLECTION (Main Library) |
| -- | 0.00 |
| -- | 715616 |
| -- | CBU-MAIN LIBRARY (Kitwe) |
| -- | 2 |
| -- | 3.00 |
| -- | HD 82.L4753 Doe |
| -- | 2 |
| -- | AVAILABLE |
| -- | 004704 |
| -- | Annex Low-Usage Collection |
| 999 ## - | |
| -- | 75540 |
| -- | 75540 |
| Withdrawn status | Lost status | Source of classification or shelving scheme | Damaged status | Not for loan | Permanent Location | Current Location | Shelving location | Date acquired | Total Checkouts | Full call number | Barcode | Date last seen | Copy number | Price effective from | Koha item type |
|---|---|---|---|---|---|---|---|---|---|---|---|---|---|---|---|
| CBU-MAIN LIBRARY, KITWE. | CBU-MAIN LIBRARY, KITWE. | 02/22/2023 | HD 82.L4753 Doe | 004703 | 02/22/2023 | 1 | 02/22/2023 | MONOGRAPH | |||||||
| CBU-MAIN LIBRARY, KITWE. | CBU-MAIN LIBRARY, KITWE. | 02/22/2023 | HD 82.L4753 Doe | 004704 | 02/22/2023 | 2 | 02/22/2023 | MONOGRAPH |